000 00407nam a2200181Ia 4500
001 2219
005 20260306143826.0
008 260306t2006||||xx |||||||||||||| ||spa||
041 _aESP
082 _a616.08
_bS26
100 _aSarno, John E.
_eAUT
245 0 _aLa mente dividida
260 _c2006
300 _a351 páginas :
_c24 cm.
650 _aGEN
654 _aCPS
942 _cLIB
_dJUS
_fJUS
_2ddc
_n
999 _c2219
_d2219